Vezetői kompetencia vizsgálatok a felsőoktatás gazdasági vezetőinek körében - egy kutatás elméleti megalapozása

According to theorerical and practical experiences successful leaders should stand behind the successful organizations. In recent years many investigations have been published in this topic- according to their results there are some competences which are neutral of sector and in other cases some are...

Teljes leírás

Elmentve itt :
Bibliográfiai részletek
Szerző: Balla Tibor
Dokumentumtípus: Cikk
Megjelent: Egyesület Közép-Európa Kutatására Szeged 2017
Sorozat:Taylor : gazdálkodás- és szervezéstudományi folyóirat 9 No. 1
Kulcsszavak:Vezetői képesség, Felsőoktatás - vezetés
Tárgyszavak:
Online Access:http://acta.bibl.u-szeged.hu/48095
LEADER 01882nab a2200229 i 4500
001 acta48095
005 20260107081104.0
008 170614s2017 hu o 000 hun d
022 |a 2064-4361 
040 |a SZTE Egyetemi Kiadványok Repozitórium  |b hun 
041 |a hun 
041 |a eng 
100 1 |a Balla Tibor 
245 1 0 |a Vezetői kompetencia vizsgálatok a felsőoktatás gazdasági vezetőinek körében - egy kutatás elméleti megalapozása  |h [elektronikus dokumentum] /  |c  Balla Tibor 
260 |a Egyesület Közép-Európa Kutatására  |b Szeged  |c 2017 
300 |a 41-48 
490 0 |a Taylor : gazdálkodás- és szervezéstudományi folyóirat  |v 9 No. 1 
520 3 |a According to theorerical and practical experiences successful leaders should stand behind the successful organizations. In recent years many investigations have been published in this topic- according to their results there are some competences which are neutral of sector and in other cases some are prevalent or neglected. In my doctoral thesis, I will highlight on the expectations of leadership competences in the higher education because implied competence investigations are defective now. After the review of the literature, I will construct a Quinn model which help me to explore these investigations. During my research, I will analyse the need of a general expected competences economic leader of universities, which are essential to carry out leaders’ duties.The aim of this study collects from the domestic and international literatures the commonly used results and map of competences among researchers, analysts and actors of the economic sector. 
650 4 |a Társadalomtudományok 
650 4 |a Közgazdasági és gazdálkodástudományok 
695 |a Vezetői képesség, Felsőoktatás - vezetés 
856 4 0 |u http://acta.bibl.u-szeged.hu/48095/1/vikek_027_041-048.pdf  |z Dokumentum-elérés